000 00675cas a2200217 a 4500
003 DLC
005 20250619120433.0
008 991125d2010 mx|fr p r 000 0 spa d
035 _aUPN01000061351
040 _aMX-MxUPN
_bspa
_cMX-MxUPN
_eaacr2
245 1 0 _aAquí estamos :
_brevista de exbecarios indígenas del IFO - México
260 _aDistrito Federal, México :
_bCentro de Investigaciones y Estudios Superiores en Antropología Social (CIESAS),
_c2010-?
310 _aSemestral
650 4 _aFamilias
_944286
650 2 _aComunidad
_99262
902 _aGloria Jiménez/190625
904 _b002083
905 _aRevista
942 _cREV-I
999 _c60930
_d60930